Pozitíva a úskalia rozpočtových systémov

Tradičné rozpočtovanie - prínosy a obmedzenia tradičných rozpočtov. Inovatívne formy rozpočtov. Balanced scorecard budgeting. Beyond budgeting.

Saved in:
Bibliographic Details
Main Author: Šagátová, Slavka, 1975-
Format: Book Chapter
Language:Slovak
Subjects:
Tags: Add Tag
No Tags, Be the first to tag this record!

MARC

LEADER 00000nla a2200000 4500
001 0180784
005 20240603075212.9
041 0 |a slo 
044 |a SK 
245 1 0 |a Pozitíva a úskalia rozpočtových systémov  |c Slávka Šagátová 
520 |a Tradičné rozpočtovanie - prínosy a obmedzenia tradičných rozpočtov. Inovatívne formy rozpočtov. Balanced scorecard budgeting. Beyond budgeting. 
610 2 0 |a rozpočtovanie 
610 2 0 |a rozpočty 
610 2 0 |a financie 
610 2 0 |a riadenie strategické 
610 2 0 |a výkonnosť podniku 
100 1 |a Šagátová, Slavka, 1975-